000 00217nam a22000977a 4500
999 _c262783
_d262782
020 _a043923820
100 _aSharon Jennings
245 _aFranklin's Thanksgiving
260 _aNew York
_bScholastic
_c2001
942 _cBK